| 000 | 00745nam a22002417a 4500 | ||
|---|---|---|---|
| 001 | 36591 | ||
| 003 | BD-RjUL | ||
| 005 | 20211209052516.0 | ||
| 008 | 140708s2003 ii ||||| |||| 001 0 eng d | ||
| 020 | _a8173714568 | ||
| 035 | _a(BD-RjUL) | ||
| 040 |
_aBD-RjUL _beng _cBD-RjUL |
||
| 041 | _aeng | ||
| 082 |
_223 _a363.3480954 _bDIS 2004 |
||
| 245 |
_aDisaster Management / _cedited by Harsh K Gupta |
||
| 260 |
_aNew Delhi, India : _bUniversity press, _c2003 [reprinted 2004] |
||
| 300 |
_avii,152 p. : _bill, ; _c25 cm. |
||
| 504 | _aIncludes bibliographical reference and index. | ||
| 650 |
_aEmergency management _9111497 _zIndia |
||
| 650 |
_aNatural disasters _zIndia. _9116648 |
||
| 700 |
_aGupta, Harsh K ed. _9111498 |
||
| 942 |
_2ddc _cBK |
||
| 999 |
_c36591 _d36591 |
||